friends brainteaser - Statistics

General Stats
  • This quiz has been taken 570 times
  • The average score is 8 of 15
Answer Stats
Hint Answer % Correct
who is the sister of chandlers bestfriend at college monica
96%
who likes rachel in the coffee shop gunther
89%
who made the quiz for monica, rachel, chandler and joey. ross
85%
who ran out on a wedding rachel
83%
who got married in vegas ross and rachel
83%
who always makes jokes chandler
82%
what character always has relationships joey
77%
who did charlie kiss at the party joey
74%
who was ross in a relationship when rachel was pregnant mona
73%
chandler quotes ''what did i _______ into?'' marry
61%
what sweets did ross have at the hospital when rachel went to the hospital twizzlers
15%
in which state is 'friends' set in greenwich village
8%
whos cheesecake did rachel and chandler eat mrs braverman
6%
who was chandlers tv guide addressed to miss chanandaler bong
5%
what happened to monica at the college party fell into beanchair
0%
No matching quizzes found
Score Distribution
Percent of People with Each Score
Percentile by Number Answered
Your Score History
You have not taken this quiz